Ampurias : history of the city and guide to the excavations / by Martín Almagro history of the city and guide to the excavations / by Martín Almagro
Publicado:
Barcelona :
Patronato de las Excavaciones de Ampurias de las Excelentísimas Diputaciones Provinciales de Barcelona y Gerona ,
1956
Descripción Física:
154 p. : il., [4] f. de làm. pleg. ; 17 cm
Otros Autores:
Patronato de las Excavaciones de Ampurias
MARC
| LEADER | 00000nam a2200000Ia 4500 | ||
|---|---|---|---|
| 001 | 13884 | ||
| 008 | 160829s1956 xx 000 0 cat d | ||
| 080 | |a H-2-134 | ||
| 100 | 1 | |a Almagro Basch, Martín, |d 1911-1984 |9 23626 | |
| 245 | |a Ampurias : |b history of the city and guide to the excavations / by Martín Almagro | ||
| 250 | |a English ed. | ||
| 260 | |a Barcelona : |b Patronato de las Excavaciones de Ampurias de las Excelentísimas Diputaciones Provinciales de Barcelona y Gerona, |c 1956 | ||
| 300 | |a 154 p. : |b il., [4] f. de làm. pleg. ; |c 17 cm | ||
| 590 | |a Existeix una edició en castellà i en alemany | ||
| 650 | |a Escala |x Arqueologia |9 23631 | ||
| 651 | 0 | |a Empúries (Ciutat antiga) |v Guies |9 54668 | |
| 651 | 0 | |a Empúries (Ciutat antiga) |x Història |9 55526 | |
| 700 | |a Patronato de las Excavaciones de Ampurias |9 23632 | ||
| 901 | |a Arxiu | ||
| 942 | |n 1 | ||
| 952 | |0 0 |1 0 |4 0 |6 H2134 |7 1 |9 42786 |a Arxiu |b Arxiu |d 2016-12-01 |l 0 |o H-2-134 |p 13884 |r 2016-12-01 00:00:00 |w 2016-12-01 |y ARXIU | ||
| 999 | |c 45292 |d 45292 | ||